000
00377cam a2200169ua 4500
020
_c
Rs.1.00
041
_a
eng
_h
082
_a
320.58
_b
Gan/As
100
_a
M.K. Gandhi, Gandhi .
245
_a
Ashran observents in action
260
_a
:
_b
Navajivan ,
_c
1955.
300
_a
151 ; .
365
_a
Rs.1.00
504
_a
942
_c
BK
999
_c
11151
_d
11151